Statistics for Countries by the Seven Wonders of the World

Click here to take the quiz!

General Stats

  • This quiz has been taken 57 times
  • The average score is 7 of 7

Answer Stats

HintAnswer% Correct
Taj MahalIndia
100%
ColosseumItaly
100%
Great Wall of _____China
98%
Machu PicchuPeru
98%
Christ the RedeemerBrazil
96%
PetraJordan
96%
Chichén ItzáMexico
96%

Score Distribution

Percentile by Number Answered

Percent of People with Each Score

Your Score History

You have not taken this quiz